[Event "Bogota Centro Comercial op 2nd"]
[Site "Bogota"]
[Date "2024.04.14"]
[Round "1"]
[White "Osorio Polania, Hugo"]
[Black "Torres Sanchez, Juan Camilo"]
[Result "1-0"]
[WhiteElo "2025"]
[BlackElo "1554"]
[PlyCount "70"]
[EventDate "2024.04.14"]
[EventType "swiss"]
[EventRounds "7"]
[EventCountry "COL"]
[SourceTitle "CB16_2024"]
[SourceDate "2024.04.17"]
[SourceVersion "1"]
[SourceVersionDate "2024.04.17"]
[SourceQuality "1"]

1. Nf3 c5 2. c4 Nc6 3. Nc3 g6 4. g3 Bg7 5. Bg2 d6 6. 0-0 e5 7. d3 Nge7 8. Bd2 0-0 9. a3 a5 10. Rb1 f5 11. Nd5 Nxd5 12. cxd5 Ne7 13. e4 f4 14. b4 b6 15. bxa5 bxa5 16. Qc2 Ba6 17. Ng5 Bc8 18. Nf3 fxg3 19. fxg3 Bg4 20. h3 Bc8 21. Be3 h6 22. Nd2 g5 23. Nc4 Rxf1+ 24. Rxf1 Ng6 25. Qf2 Qe7 26. Nb6 Rb8 27. Nxc8 Rxc8 28. Qb2 Qd7 29. Qb6 a4 30. Rb1 Bf6 31. Qa6 h5 32. Rb6 Be7 33. Rc6 Rf8 34. Bxc5 h4 35. g4 Nf4 1-0

[Event "Medellin de La Raza U2000 op"]
[Site "Medellin"]
[Date "2023.10.16"]
[Round "9"]
[White "Valencia Quinchia, Isabella"]
[Black "Torres Sanchez, Juan Camilo"]
[Result "0-1"]
[WhiteElo "1685"]
[BlackElo "1600"]
[PlyCount "78"]
[EventDate "2023.10.12"]
[EventType "swiss"]
[EventRounds "9"]
[EventCountry "COL"]
[SourceTitle "Mega2024 Update 01"]
[Source "Chessbase"]
[SourceDate "2023.11.12"]
[SourceVersion "1"]
[SourceVersionDate "2023.11.12"]
[SourceQuality "1"]

1. e4 c5 2. Nf3 e6 3. d4 cxd4 4. Nxd4 Nc6 5. Nc3 Qc7 6. Ndb5 Qb8 7. f4 a6 8. Nd4 Bc5 9. Nb3 Ba7 10. Qg4 g6 11. Bd2 b5 12. e5 Qb6 13. 0-0-0 f5 14. exf6 Nxf6 15. Qg5 Rf8 16. h4 Bb7 17. h5 Ne7 18. hxg6 Nxg6 19. f5 Ne7 20. fxe6 Qxe6 21. Re1 Qg4 22. Qe5 Rf7 23. Bg5 d6 24. Bxb5+ Kf8 25. Bh6+ Kg8 26. Qxd6 Nf5 27. Qe5 axb5 28. Nxb5 Nxh6 29. Nxa7 Re8 30. Qh2 Rxe1+ 31. Rxe1 Qg5+ 32. Kb1 Bxg2 33. Nb5 Bd5 34. Rg1 Nfg4 35. Qb8+ Rf8 36. Qb6 Bxb3 37. axb3 Rf6 38. Qd8+ Kg7 39. Nd6 Rf1+ 0-1

[Event "Medellin de La Raza U2000 op"]
[Site "Medellin"]
[Date "2023.10.15"]
[Round "6"]
[White "Torres Sanchez, Juan Camilo"]
[Black "Rendon Prado, Haymer"]
[Result "1-0"]
[WhiteElo "1600"]
[BlackElo "1584"]
[PlyCount "63"]
[EventDate "2023.10.12"]
[EventType "swiss"]
[EventRounds "9"]
[EventCountry "COL"]
[SourceTitle "Mega2024 Update 01"]
[Source "Chessbase"]
[SourceDate "2023.11.12"]
[SourceVersion "1"]
[SourceVersionDate "2023.11.12"]
[SourceQuality "1"]

1. Nf3 Nf6 2. c4 e6 3. Nc3 d5 4. e3 Be7 5. b3 0-0 6. Bb2 b6 7. Be2 Bb7 8. 0-0 Nbd7 9. Rc1 h6 10. Qc2 c5 11. cxd5 exd5 12. d4 Ne4 13. Nd2 f5 14. f3 Nxd2 15. Qxd2 Nf6 16. Bd3 Qd7 17. Ne2 Bd6 18. a4 Rac8 19. Ng3 Bxg3 20. hxg3 Nh5 21. Kf2 Qd6 22. f4 Qg6 23. Rh1 Nxg3 24. Rh3 Ne4+ 25. Bxe4 fxe4 26. Rg3 Qh5 27. dxc5 Rf7 28. Qd4 Qh4 29. Rh1 Rxf4+ 30. exf4 Qxf4+ 31. Rf3 exf3 32. Qxg7# 1-0

[Event "Medellin de La Raza U2000 op"]
[Site "Medellin"]
[Date "2023.10.13"]
[Round "2"]
[White "Sepulveda, Lyda Marcela"]
[Black "Torres Sanchez, Juan Camilo"]
[Result "1-0"]
[WhiteElo "1370"]
[BlackElo "1600"]
[PlyCount "93"]
[EventDate "2023.10.12"]
[EventType "swiss"]
[EventRounds "9"]
[EventCountry "COL"]
[SourceTitle "Mega2024 Update 01"]
[Source "Chessbase"]
[SourceDate "2023.11.12"]
[SourceVersion "1"]
[SourceVersionDate "2023.11.12"]
[SourceQuality "1"]

1. e4 c5 2. Nf3 e6 3. d4 cxd4 4. Nxd4 Nc6 5. c4 Nf6 6. Nc3 Bb4 7. Ndb5 d6 8. a3 Bxc3+ 9. Nxc3 a6 10. Be2 0-0 11. 0-0 e5 12. Be3 Ne8 13. Nd5 f5 14. exf5 Bxf5 15. Bb6 Qg5 16. Ne3 Be6 17. Bg4 Bxg4 18. Nxg4 Ne7 19. Ne3 Rc8 20. Rc1 Ng6 21. Qd5+ Rf7 22. Qe6 Rb8 23. Qg4 Qxg4 24. Nxg4 Nf4 25. Rc2 Rc8 26. Rd1 Rc6 27. Ba5 Nf6 28. Nxf6+ Rxf6 29. g3 Rg6 30. c5 Nh3+ 31. Kf1 Rf6 32. Kg2 Ng5 33. Bd8 Rg6 34. Bxg5 Rxg5 35. Rxd6 Rxd6 36. cxd6 Kf7 37. Rc7+ Ke8 38. Rxb7 e4 39. Ra7 Rg6 40. Rxa6 Kd7 41. b4 Rxd6 42. Rxd6+ Kxd6 43. Kh3 Kc6 44. Kg4 Kb5 45. Kf4 Ka4 46. Kxe4 Kxa3 47. b5 1-0